| 000 | 00651nam a22002057a 4500 | ||
|---|---|---|---|
| 005 | 20251108164129.0 | ||
| 008 | 250721s1992 xx 000 0 ara d | ||
| 082 | 1 | 4 | _a210.96/بور |
| 100 | 1 | _aفرانسو، بورجا | |
| 245 | 1 | 0 |
_aالإسلام السياسي : _bصوت الجنوب : قراءة جديدة للحركة ... / |
| 264 | 1 |
_aالقاهرة : _bدار العالم الثالث، _c1992. |
|
| 300 | _a339ص. | ||
| 650 | 1 | 7 | _aالإسلام |
| 650 | 1 | 7 | _aالتاريخ |
| 650 | 1 | 7 | _aإفريقيا |
| 650 | 1 | 7 | _aالمسلمون |
| 700 | 1 |
_aزكرى، لورين فوزي _eترجمة |
|
| 942 |
_2ddc _cBK |
||
| 999 |
_c4395 _d4395 |
||